Vrece sa roztrhlo pred jedenástimi rokmi slováci na majstrovstvách sveta

Bibliographic Details
Format: Article
Language:Slovak
PhysicalDescription:Tab.
ISSN:0139-7001
Subjects:

MARC

LEADER 00000nab a2200000 ar4500
001 vtls008986638
003 SK-MaSNL
005 20260426070650.0
008 070506c20070426xo mr|p|||||||000 b|slo
015 |a SNKBUCL2007/05  |2 snkbucl 
038 |a SNKBUCL 
040 |a SNKBUCL  |b slo  |c SNKBUCL  |e AACR2 
041 0 |a slo 
044 |a xo  |c SK 
080 |a 796.966.093.1  |x (100)  |x (091)  |2 2001 
245 0 0 |a Vrece sa roztrhlo pred jedenástimi rokmi  |b slováci na majstrovstvách sveta 
300 |b Tab. 
650 0 7 |a ľadový hokej  |2 snkbucl  |9 3231 
650 0 7 |a majstrovstvá sveta  |2 snkbucl  |9 449569 
650 0 7 |a dejiny  |2 snkbucl  |9 3825 
651 7 |a Slovensko  |2 snkbucl  |9 14231 
773 0 |t Šport  |g Roč. 61, č. 96 (26.4.2007)  |x 0139-7001 
773 0 |i Príl.:t Šport extra  |g Č. 96 (26.4.2007), s. 27 
852 |a SNK  |b KIS3GCP 
999 |c 2669939  |d 2671869